00514nam a22001817a 4500003000400000005001700004008004100021020001800062040002100080050002300101100003500124245007300159250001100232260004500243300001000288650002500298760000900323OSt20251126093220.0230220b |||||||| |||| 00| 0 eng d a9780198799900 cChuka University aKD 661 b.H65 2019 aHolland, James and Julian Webb aLEARNING LEGAL RULES:A Students' Guide to Legal Method and Reasoning a10thed bOxford University Pressc2019aOxford,UK a393p. aLearning Legal Rules b10th